Caña cascada y pabilo humeante (Registro nro. 53193)
[ vista simple ]
| 000 -LÍDER | |
|---|---|
| Campo fijo de descripción fija | 01559aab a2200217 4500 |
| 001 - NÚMERO DE CONTROL | |
| Campo de control | 768714001 |
| 003 - IDENTIFICADOR DEL NÚMERO DE CONTROL | |
| Campo de control | CO-MdFUSB |
| 005 - FECHA Y HORA DE LA ULTIMA TRANSACCIÓN | |
| control field | 20240607171225.0 |
| 008 - ELEMENTOS DE LONGITUD FIJA -- INFORMACIÓN GENERAL | |
| Campo fijo de descripción fija -- Información general | 170512s1994 cr ||||| |||| 00| 0 spa d |
| 022 ## - NÚMERO INTERNACIONAL NORMALIZADO PARA PUBLICACIONES SERIADAS | |
| Número Internacional Normalizado para Publicaciones Seriadas | 1409-1968 |
| 040 ## - FUENTE DE CATALOGACIÓN | |
| Agencia Catalogadora | CO-MdFUSB |
| Idioma de catalogación | spa |
| Agencia que realiza la transcripción | CO-MdFUSB |
| Agencia que realiza la modificación | CO-MdFUSB |
| 041 ## - CÓDIGO DE IDIOMA | |
| Código de idioma para texto/pista de sonido o título separado | spa |
| 100 1# - ASIENTO PRINCIPAL--NOMBRE PERSONAL | |
| Nombre personal | Sáenz S., Rodolfo |
| Término relacionador | autor |
| 245 10 - TÍTULO | |
| Título | Caña cascada y pabilo humeante |
| Mención de responsabilidad | / Rodolfo Sáenz S. |
| 300 ## - DESCRIPCIÓN FÍSICA | |
| Extensión | Volumen 11. Número 6 (1994), página 50 |
| Dimensiones | : 27 cm. |
| 520 ## - NOTA DE RESUMEN, ETC. | |
| Nota de sumario, etc. | La Iglesia trata a aquellos que, por circunstancias que han vivido, son como "caña cascada y pábilo humeante". Estos creyentes son lavados y limpiados en la sangre de Cristo como cualquier persona que acude a la cruz del calvario para redención. El profeta Isaías manifiesta el carácter y ministerio de Cristo en su capítulo 42 y versículo 3. La caña mencionada crece abundantemente en las orillas de los ríos de Israel, ya que se usaba para elaborar flautas y era una tarea delicada. El pábilo humeante sirve para ilustrar la persona cuyo testimonio se ha vuelto ineficaz. Jesucristo restauraba esas cañas magulladas y convierte en instrumentos musicales que tocaban su canción de gracia. No olvidemos que todos son parte del cuerpo de Cristo y que necesitamos mutuamente. Si no es la Iglesia quien abre sus brazos a estas personas con el mensaje de perdón y restauracion, ¿Quién lo hará? |
| 653 ## - TÉRMINO DE INDIZACIÓN - NO CONTROLADO | |
| Término no controlado | Restauración |
| 773 0# - ASIENTO DE ITEM FUENTE | |
| Título | Apuntes Pastorales |
| Biblionumber | 49442 |
| Itemnumber | 60180 |
| Parte(s) relacionada(s) / Volumen., número. (mes año), páginas | Volumen 11. Número 6 (1994), página 50 |
| Enumeración y primera página | Página 50 |
| 942 ## - TIPO DE MATERIAL (KOHA) | |
| Tipo de Item KOHA | Artículos de Revista |
| 945 ## - INFORMACIÓN LOCAL DEL REGISTRO | |
| Catalogador | JTF-925 |
No hay ítems disponibles.
